000 00526nam a2200181Ia 4500
999 _c14758
_d14758
003 OSt
005 20201016121032.0
008 190216s9999||||xx |||||||||||||| ||und||
020 _a9780195652468
040 _coclc
082 _a809.03
_bMON/C
100 _aMongia, Padmini
_95519
245 0 _aContemporary Postcolonial Theory /
_cPadmini Mongia
260 _bOxford University Press ,
_c2013.
_aNew Delhi:
300 _a407p
650 _aEnglish
942 _cBK
_2ddc
_h809.03
_iMON/C
_k809.03
_mMON/C